| 000 | 01044nam a2200277Ia 4500 | ||
|---|---|---|---|
| 005 | 20160224112517.0 | ||
| 008 | 130821s2005 xxua grdd eng | ||
| 020 | _a0691115370 | ||
| 020 | _a9780691134796 | ||
| 040 |
_c[Nuevo] _d[Nuevo] _bspa _aCO-BoUCM |
||
| 041 | 0 | 0 | _aeng |
| 100 | 1 |
_aTaylor, Stephen J. _927884 |
|
| 245 | 1 | 0 |
_aAsset price dynamics, volatility, and prediction _cStephen J. Taylor |
| 260 |
_aPrinceton (Nueva Jersey, Estados Unidos) _bPrinceton University Press _c2005 |
||
| 300 |
_axv, 525 páginas _bgráficas |
||
| 504 | _aIncluye referencias bibliográficas e índices | ||
| 650 |
_aEconomía _9174 |
||
| 650 | 7 |
_aBienes de capital _910062 |
|
| 650 | 7 |
_aEconomía _9174 |
|
| 650 | 7 |
_aFinanzas _vModelos matemáticos _953180 |
|
| 650 | 7 |
_aPredicciones _922174 |
|
| 690 | 0 |
_aEconomía _9174 |
|
| 856 | 4 |
_zConsulte la tabla de contenido haciendo clic aquí _uhttp://www.loc.gov/catdir/enhancements/fy0654/2005048758-t.html |
|
| 942 |
_a7 _e1 _mT238a _cLIBRORESER _2DEWEY _h332.6 |
||
| 999 |
_c72682 _d72682 |
||